000 00629nam a22001817a 4500
003 UA-OsUOA
001 16378
007 ta
008 20040104b un ||||| |||| 00| 0 ukr d
100 _aЯрошевич В.
942 _cSA
040 _aUA-OsUOA
_cUA-OsUOA
_dUA-OsUOA
245 _aІрванець наказує любити: [Презентація кн. О. Ірванця "Любіть!" пройшла на малій сцені Рівнен. обл. театру]
300 _aС.7
955 _a0
773 0 _w0
_tНова Волинь
_dРівне
_d2003
_g№44/ 23 жовт./
650 7 _aІрванець О.
_2UDC
999 _c302543
_d302543